000 00495nam a2200145 a 4500
008 120416s1961 ||||||||||||||||| || u
050 _aTK 7888.3 Bur
245 1 0 _aDigital Computer principles
246 _aBurroughs Corporation
250 _a2nd ed.
260 _aNew York
_bMcGraw-Hill
_c[1961]
300 _aix,578p. : ill.
350 _a0.00
995 _D0.00
_FCBU-MAIN LIBRARY (Kitwe)
_H1
_I0.00
_UDAMAGED
_ZMain Library Open Access Collection
999 _c40156
_d40156